000
00307nam a22001337a 4500
008
170629b xxu||||| |||| 00| 0 eng d
020
_a
9780393924558
041
_a
eng
080
_a
82
100
_a
22
101
_a
GJL
245
_a
THE NORTON ANTHOLOGY OF WOLRD LITERATURE
_c
LAWALL,S
942
_2
udc
_c
BK
999
_c
19481
_d
19481